| 000 | 00442nam a2200181Ia 4500 | ||
|---|---|---|---|
| 005 | 20250425161434.0 | ||
| 008 | 250425s9999 xx 000 0 und d | ||
| 041 | _aeng | ||
| 082 | _a668.65 | ||
| 100 | _aGOULD, ROBERT F. | ||
| 245 | 0 | _aORGANIC PESTICIDES IN THE ENVIRONMENT | |
| 250 | _aS.E. | ||
| 260 |
_aEstados Unidos _bAMERICAN CHEMICAL SOCIETY _c1966 |
||
| 260 | _aWASHINGTON | ||
| 300 | _a309 | ||
| 942 | _c01 | ||
| 010 | _a20324 | ||
| 999 |
_c209261 _d209261 |
||